| 000 | 00406nam a2200157 a 4500 | ||
|---|---|---|---|
| 001 | 000034356 | ||
| 005 | 20200930073645.0 | ||
| 008 | 111003s1985 es 000 0 spa d | ||
| 020 | _a8475670253 | ||
| 040 |
_aDO-SdBNP _bspa _cBNPHU |
||
| 100 | 1 |
_aGibran, KHALIL _949573 |
|
| 245 | 1 | 3 |
_aEl loco / _cKhalil, Gibran. |
| 260 |
_aMadrid : _bEdiciones Alba, _c1985. |
||
| 300 |
_a64 p. ; _c21 cm. |
||
| 049 | _aBNPD | ||
| 999 |
_c33847 _d33847 |
||